|
|
|
|
| LEADER |
00977cam a2200253 a 4500 |
| 001 |
11294 |
| 003 |
BD-DhAAL |
| 005 |
20141125162311.0 |
| 008 |
141125s1995 caua b 001 0 eng |
| 010 |
|
|
|a 95008742
|
| 020 |
|
|
|a 0803962444 (pbk. : alk. paper)
|
| 040 |
|
|
|a DLC
|c DLC
|d DLC
|d BD-DhAAL
|
| 050 |
0 |
0 |
|a LB2838
|b .P48 1995
|
| 082 |
0 |
0 |
|a 371.1/44/0973
|2 20
|
| 100 |
1 |
|
|a Peterson, Kenneth D.
|9 6219
|
| 245 |
1 |
0 |
|a Teacher evaluation :
|b a comprehensive guide to new directions and practices /
|c Kenneth D. Peterson.
|
| 260 |
|
|
|a Thousand Oaks, Calif. :
|b Corwin Press,
|c c1995.
|
| 300 |
|
|
|a xi, 304 p. :
|b ill. ;
|c 28 cm.
|
| 504 |
|
|
|a Includes bibliographical references (p. 288-298) and indexes.
|
| 541 |
|
|
|e 11294
|
| 650 |
|
0 |
|a Teachers
|x Rating of
|z United States.
|9 6220
|
| 942 |
|
|
|2 ddc
|c BK
|
| 999 |
|
|
|c 33127
|d 33127
|
| 952 |
|
|
|0 0
|1 0
|2 ddc
|4 1
|6 371_100000000000000_44_0973_PET
|7 0
|9 44226
|a BRACUL
|b BRACUL
|c SPS
|d 2014-11-25
|l 0
|o 371.1440973 PET
|p 3010011294
|r 2014-11-25
|t 1
|w 2014-11-25
|y BK
|